Alle Haltestellen des Dresdner Zugverkehrs - Statistiken

Allgemein
  • Dieses Quiz wurde 15 mal gespielt
  • Das Durchschnittsergebnis liegt bei 13 aus 26
Antwortstatistiken
Linien Haltestelle % Korrekt
S1, S2, S3, S8, RE1, RE2, RE3, RB30, RE50, RB60, RB61, Fernverkehrszüge Dresden Hauptbahnhof
100%
S1, S2, S8, RE1, RE2, RE15, RE18, RB31, RB33, RE50, RB60, RB61, Fernverkehrszüge Dresden-Neustadt
100%
S1, S2, S8, RE1, RE2, RE 50, RB60, RB61 Dresden Mitte
85%
S2 Dresden Flughafen
77%
S1, S2 Dresden Freiberger Straße
77%
S3, RE3, RB30 Dresden-Plauen
69%
S1 Dresden Bischofsplatz
62%
S2, S8, RE1, RE2, RB33, RB60, RB61 Dresden Klotzsche
62%
S1 Dresden-Pieschen
62%
S1, S2 Dresden-Strehlen
62%
RB31 Dresden-Friedrichstadt
54%
S2, S8, RB33, RB60, RB61 Dresden-Industriegelände
54%
S1, S2 Dresden-Reick
54%
S1 Dresden-Trachau
46%
RB31 Cossebaude
38%
S1, S2 Dresden-Dobritz
38%
RB31 Dresden-Kemnitz
38%
S1, S2 Dresden-Niedersedlitz
38%
RB33 Weixdorf
38%
S2 Dresden Grenzstraße
31%
S1, S2 Dresden-Zschachwitz
31%
RB31 Dresden-Cotta
23%
RB31 Dresden-Stetzsch
23%
S8 Langebrück
23%
RB31 Niederwartha
23%
RB33 Weixdorf Bad
23%
Keine übereinstimmenden Quizze gefunden
Verteilung der Resultate
Anzahl Personen mit jedem Resultat
Perzentil nach korrekt beantworteten Fragen
Ihre Resultats-Entwicklung
Sie haben dieses Quiz noch nicht gespielt